| 000 | 00566nam a2200229Ia 4500 | ||
|---|---|---|---|
| 005 | 20250219053547.0 | ||
| 008 | 240331s9999 xx 000 0 und d | ||
| 020 | _a1856491064 | ||
| 082 |
_bOCO _23693 _a306.8 |
||
| 245 | 0 | _aWomen and the Family | |
| 260 |
_aLondon; _aNew Jersey _bZed Books Ltd _c1994 |
||
| 300 | _axiii, 140 p., | ||
| 650 | _aFamily | ||
| 650 | _aWomen | ||
| 650 | _aMotherhood | ||
| 650 | _aInequality | ||
| 650 | _aEconomic Relations | ||
| 650 | _aHIV/AIDS | ||
| 650 | _aReproductive Rights | ||
| 700 |
_aO'Connell, H _eedt |
||
| 942 | _cL | ||
| 999 |
_c3063 _d3063 |
||